[Event "Hastings Masters 2022/23"]
[Site "Hastings"]
[Date "2023.01.04"]
[Round "8.23"]
[White "Pousada Garcia, Daniel"]
[Black "Pollack, Oscar"]
[Result "0-1"]
[WhiteElo "1960"]
[BlackElo "2112"]
[PlyCount "86"]
[EventDate "2022.12.28"]
[EventType "swiss"]
[EventRounds "10"]
[EventCountry "ENG"]

1. e4 e6 2. Nf3 d5 3. Nc3 d4 4. Ne2 c5 5. c3 Nf6 6. e5 Nfd7 7. cxd4 cxd4 8. Qa4
Nc6 9. Nexd4 Ndxe5 10. Bb5 Bd7 11. Nxe5 Nxe5 12. O-O a6 13. Bxd7+ Qxd7 14.
Qxd7+ Kxd7 15. Re1 Bd6 16. Nb3 Nd3 17. Re3 Nb4 18. Rf3 Ke7 19. d4 Rhc8 20. a3
Nd5 21. Bd2 Rc2 22. Rb1 Rac8 23. Kf1 b6 24. Ke1 a5 25. Na1 R2c4 26. Rd3 a4 27.
g3 g6 28. b3 axb3 29. Rbxb3 Ra4 30. Kd1 Rcc4 31. Nc2 Kd7 32. Kc1 Bf8 33. Kb2
Bg7 34. Bc3 Kc6 35. Ne3 Rxc3 36. Rdxc3+ Nxc3 37. Rxc3+ Kb7 38. Kb3 Rxd4 39. Nc4
b5 40. Ne3 Rd2 41. Rc2 Rd3+ 42. Kb4 Kb6 43. Rc8 Be5 0-1

[Event "Hastings Masters 2022/23"]
[Site "Hastings"]
[Date "2023.01.04"]
[Round "8.24"]
[White "Ortiz Sanchez, Luis"]
[Black "Rolvag, Mikael"]
[Result "0-1"]
[WhiteElo "1895"]
[BlackElo "2110"]
[PlyCount "54"]
[EventDate "2022.12.28"]
[EventType "swiss"]
[EventRounds "10"]
[EventCountry "ENG"]

1. e4 c5 2. c3 e6 3. d4 d5 4. dxc5 Bxc5 5. exd5 exd5 6. Nf3 Nc6 7. Nbd2 Nge7 8.
Nb3 Bb6 9. Bd3 Bg4 10. Bf4 Qd7 11. a4 a6 12. Be2 O-O 13. O-O Rfe8 14. Nfd4 Bxe2
15. Nxe2 Nf5 16. Qd3 Rad8 17. Rad1 Qe6 18. a5 Nxa5 19. Nbd4 Nxd4 20. Nxd4 Qf6
21. Qg3 Qg6 22. Qf3 Re4 23. Rfe1 Nc4 24. Re2 h6 25. h3 Rde8 26. Be3 Ne5 27. Qf5
Rxd4 0-1

[Event "Hastings Masters 2022/23"]
[Site "Hastings"]
[Date "2023.01.04"]
[Round "8.25"]
[White "Wilson, Matthew R"]
[Black "Wilks, Simon"]
[Result "1-0"]
[WhiteElo "1722"]
[BlackElo "2072"]
[PlyCount "115"]
[EventDate "2022.12.28"]
[EventType "swiss"]
[EventRounds "10"]
[EventCountry "ENG"]

1. e4 e6 2. d4 d5 3. exd5 exd5 4. Nf3 Nf6 5. Bd3 c5 6. c3 c4 7. Bc2 Bg4 8. O-O
Be7 9. Re1 O-O 10. Bg5 Nc6 11. Nbd2 Re8 12. h3 Bh5 13. g4 Bg6 14. Bxg6 hxg6 15.
Ne5 Qb6 16. Qf3 Rad8 17. b4 cxb3 18. Nxc6 Qxc6 19. axb3 a6 20. Rad1 Rc8 21. Re3
Ba3 22. Bxf6 gxf6 23. Rxe8+ Qxe8 24. Qd3 Qc6 25. c4 Bb4 26. cxd5 Qxd5 27. Ne4
Kg7 28. f3 Rc6 29. Kf2 Rc8 30. h4 Rh8 31. Rh1 Rd8 32. Rd1 Rc8 33. h5 gxh5 34.
Ng3 Rc3 35. Nxh5+ Kf8 36. Qe4 Qxe4 37. fxe4 Rxb3 38. Nxf6 a5 39. d5 Bc3 40.
Nd7+ Ke7 41. Nc5 Rb2+ 42. Ke3 Be5 43. g5 b6 44. Nd3 Rb3 45. Kd2 Bd4 46. Rc1 a4
47. Rc7+ Ke8 48. Rc4 b5 49. Rxd4 a3 50. d6 a2 51. d7+ Kd8 52. Ne5 Rb2+ 53. Ke3
Rb3+ 54. Kf4 a1=Q 55. Nxf7+ Kc7 56. d8=Q+ Kc6 57. Qc8+ Kb6 58. Rd6+ 1-0

[Event "Hastings Masters 2022/23"]
[Site "Hastings"]
[Date "2023.01.04"]
[Round "8.26"]
[White "Banerjee, Supratit"]
[Black "Arnott, Jonathan W"]
[Result "1/2-1/2"]
[WhiteElo "1541"]
[BlackElo "2063"]
[PlyCount "91"]
[EventDate "2022.12.28"]
[EventType "swiss"]
[EventRounds "10"]
[EventCountry "ENG"]

1. e4 c5 2. c3 e6 3. d4 d5 4. exd5 exd5 5. Nf3 Nc6 6. Bd3 c4 7. Bc2 Bd6 8. O-O
Bg4 9. b3 b5 10. a4 a6 11. axb5 axb5 12. Rxa8 Qxa8 13. Qe2+ Nge7 14. b4 Kf8 15.
Re1 Qb8 16. h3 Bh5 17. Be3 Nd8 18. Bf4 Ne6 19. Bxd6 Qxd6 20. Qe5 Qxe5 21. Nxe5
Nf4 22. Kf1 f6 23. Nd7+ Kf7 24. Na3 Nd3 25. Bxd3 cxd3 26. g4 Bg6 27. Nxb5 Nc8
28. Nc5 h5 29. Kg2 hxg4 30. hxg4 Nb6 31. Rd1 Nc4 32. Nxd3 Be4+ 33. Kg3 Rb8 34.
Na7 Ra8 35. Nb5 Rb8 36. Nc7 Rb6 37. Nc5 Rc6 38. N7a6 Na3 39. Nxe4 Rxa6 40. Nc5
Rc6 41. f4 Nb5 42. Rd3 Rc8 43. Kf3 Rh8 44. Ke2 Rh2+ 45. Kf1 g6 46. Re3 1/2-1/2

[Event "Hastings Masters 2022/23"]
[Site "Hastings"]
[Date "2023.01.04"]
[Round "8.27"]
[White "Franco, Gaston"]
[Black "Damodaran, Patrick"]
[Result "1-0"]
[WhiteElo "2051"]
[BlackElo "1701"]
[PlyCount "107"]
[EventDate "2022.12.28"]
[EventType "swiss"]
[EventRounds "10"]
[EventCountry "ENG"]

1. e4 c5 2. Nf3 Nc6 3. d4 cxd4 4. Nxd4 g6 5. c4 Bg7 6. Be3 Nf6 7. Nc3 d6 8. Be2
O-O 9. O-O Bd7 10. Qd2 Rc8 11. f3 a6 12. Rab1 b6 13. Rfc1 Re8 14. Bf1 e6 15.
Qf2 Ne5 16. b3 h5 17. h3 Kh7 18. Rd1 b5 19. f4 b4 20. fxe5 dxe5 21. Nde2 bxc3
22. Nxc3 Qe7 23. Bg5 Bc6 24. Qf3 Qa7+ 25. Kh2 Ng8 26. g3 f6 27. Be3 Qb7 28. Bg2
Rcd8 29. b4 Rxd1 30. Qxd1 Qc7 31. a4 Rd8 32. Qe2 f5 33. b5 Bb7 34. c5 f4 35.
Bg1 Bh6 36. Rd1 fxg3+ 37. Kh1 Rf8 38. Qc4 Rf4 39. c6 Nf6 40. Qd3 Bxc6 41. bxc6
Qxc6 42. Ne2 Rh4 43. Nxg3 Qxa4 44. Rb1 Qc6 45. Qb3 Bg7 46. Qb6 Qc3 47. Qe3 Qd4
48. Rb7 Qd6 49. Qg5 Rf4 50. Be3 Nxe4 51. Nxe4 Qa3 52. Nf6+ Rxf6 53. Qh6+ Kg8
54. Qxg7# 1-0

[Event "Hastings Masters 2022/23"]
[Site "Hastings"]
[Date "2023.01.04"]
[Round "8.28"]
[White "Jacobs, Robert"]
[Black "Kett, Tim"]
[Result "1-0"]
[WhiteElo "1905"]
[BlackElo "2184"]
[PlyCount "77"]
[EventDate "2022.12.28"]
[EventType "swiss"]
[EventRounds "10"]
[EventCountry "ENG"]

1. d4 g6 2. Nf3 Bg7 3. g3 f5 4. Bg2 Nf6 5. b3 O-O 6. Bb2 d6 7. O-O a5 8. c4 c6
9. Nbd2 Qc7 10. Qc2 Na6 11. a3 Bd7 12. Rac1 Rae8 13. c5 dxc5 14. dxc5 e5 15. e4
Kh8 16. Rfe1 f4 17. gxf4 exf4 18. h3 Be6 19. Be5 Qd7 20. Kh2 Nh5 21. Bd6 Rg8
22. e5 Nc7 23. Ng5 Bf5 24. Be4 Bxe4 25. Qxe4 Ne6 26. Ndf3 Bh6 27. Nxe6 Rxe6 28.
b4 axb4 29. axb4 Ra8 30. Ra1 Rxa1 31. Rxa1 Ng7 32. Nd4 Re8 33. b5 Ne6 34. bxc6
bxc6 35. Qxc6 Qf7 36. Nxe6 Rxe6 37. Ra8+ Kg7 38. Qe4 f3 39. Bf8+ 1-0

[Event "Hastings Masters 2022/23"]
[Site "Hastings"]
[Date "2023.01.04"]
[Round "8.29"]
[White "Ogunshola, Ben"]
[Black "Southcott-Moyers, Indy"]
[Result "0-1"]
[WhiteElo "2140"]
[BlackElo "1870"]
[PlyCount "110"]
[EventDate "2022.12.28"]
[EventType "swiss"]
[EventRounds "10"]
[EventCountry "ENG"]

1. c4 e5 2. g3 Nf6 3. Nc3 c6 4. Nf3 e4 5. Nd4 d5 6. e3 Bc5 7. Nb3 Bb4 8. Qc2
O-O 9. h3 Re8 10. a3 Bxc3 11. Qxc3 dxc4 12. Bxc4 Nbd7 13. Be2 Qe7 14. Nd4 c5
15. Nf5 Qe5 16. g4 Qxc3 17. bxc3 Ne5 18. c4 Bxf5 19. gxf5 Nfd7 20. Bb2 Kf8 21.
Rg1 f6 22. O-O-O Nb6 23. d4 exd3 24. Bxd3 Nxd3+ 25. Rxd3 Re4 26. Rg4 Rae8 27.
Rb3 h5 28. Rxe4 Rxe4 29. Kd2 Nxc4+ 30. Ke2 Nxb2 31. Rxb2 b6 32. Rd2 Ke7 33. f4
Rc4 34. Rd3 Rc2+ 35. Kf3 b5 36. Ke4 b4 37. axb4 cxb4 38. Rd5 b3 39. Kd3 Rc6 40.
Rb5 Rb6 41. Rxb6 axb6 42. e4 Kd6 43. Kc3 Kc5 44. e5 fxe5 45. fxe5 Kd5 46. e6
Kd6 47. Kxb3 g6 48. fxg6 Kxe6 49. Kc4 Kf6 50. Kb5 Kxg6 51. Kxb6 Kg5 52. Kc5 Kh4
53. Kd4 Kxh3 54. Ke3 Kg3 55. Ke2 Kg2 0-1

[Event "Hastings Masters 2022/23"]
[Site "Hastings"]
[Date "2023.01.04"]
[Round "8.30"]
[White "Liu, Tianyi (Jack)"]
[Black "Eames, Robert S"]
[Result "0-1"]
[WhiteElo "1892"]
[BlackElo "2136"]
[PlyCount "66"]
[EventDate "2022.12.28"]
[EventType "swiss"]
[EventRounds "10"]
[EventCountry "ENG"]

1. e4 c5 2. Nf3 d6 3. d4 cxd4 4. Nxd4 Nf6 5. Nc3 g6 6. Be3 Nc6 7. Bc4 Bg7 8.
Bb3 Ng4 9. Nxc6 bxc6 10. Bd2 Qb6 11. O-O Bd4 12. Be1 Be5 13. g3 h5 14. Na4 Qc7
15. Qf3 Nf6 16. Qd3 d5 17. exd5 Bh3 18. Bc3 Bxf1 19. Rxf1 Rd8 20. Re1 Bxc3 21.
Nxc3 cxd5 22. Nxd5 Nxd5 23. Bxd5 Kf8 24. Qf3 Rh7 25. Bb3 Rd6 26. Qf4 Qd7 27.
Qe5 h4 28. Qe4 hxg3 29. fxg3 Rf6 30. Qe2 Rh5 31. Rd1 Qc7 32. Qd2 Qb6+ 33. Qd4
Rd6 0-1

[Event "Hastings Masters 2022/23"]
[Site "Hastings"]
[Date "2023.01.04"]
[Round "8.31"]
[White "Ruane, Brendan J"]
[Black "Marusenko, Petr"]
[Result "0-1"]
[WhiteElo "1804"]
[BlackElo "2041"]
[PlyCount "79"]
[EventDate "2022.12.28"]
[EventType "swiss"]
[EventRounds "10"]
[EventCountry "ENG"]

1. b3 e5 2. Bb2 Nc6 3. e3 d5 4. Ne2 Nf6 5. g3 g6 6. Bg2 Bg7 7. d3 O-O 8. Nd2 a5
9. a3 Bf5 10. h3 Qd7 11. g4 Be6 12. Nf3 Ne8 13. Ng5 Rd8 14. Ng3 Ne7 15. Qd2 a4
16. b4 c6 17. Nxe6 Qxe6 18. e4 Nd6 19. Qe2 dxe4 20. Nxe4 Nd5 21. Nc5 Qe7 22.
Bxd5 cxd5 23. Nxa4 f5 24. f4 Qh4+ 25. Kd2 exf4 26. Bxg7 Kxg7 27. Qe5+ Rf6 28.
Rag1 Qf2+ 29. Kc1 Nf7 30. Qb2 d4 31. gxf5 Rxf5 32. Nc5 Qe3+ 33. Kb1 Qe7 34. Re1
Re5 35. Re4 b6 36. Rxe5 Qxe5 37. Ne4 Nd6 38. Re1 Nf5 39. Rf1 Ne3 40. Rf2 0-1

[Event "Hastings Masters 2022/23"]
[Site "Hastings"]
[Date "2023.01.04"]
[Round "8.32"]
[White "Sugden, John N"]
[Black "Gorgun, Aliriza Atif"]
[Result "1/2-1/2"]
[WhiteElo "1997"]
[BlackElo "1850"]
[PlyCount "91"]
[EventDate "2022.12.28"]
[EventType "swiss"]
[EventRounds "10"]
[EventCountry "ENG"]

1. d4 Nf6 2. c4 g6 3. Nc3 d5 4. cxd5 Nxd5 5. e4 Nxc3 6. bxc3 Bg7 7. Bc4 c5 8.
Ne2 Nc6 9. Be3 O-O 10. O-O Bg4 11. f3 Na5 12. Bxf7+ Rxf7 13. fxg4 Rxf1+ 14.
Kxf1 Qd6 15. Kg1 Qe6 16. Ng3 Qc4 17. Qe2 Qxe2 18. Nxe2 Nc4 19. Bf2 cxd4 20.
cxd4 e5 21. d5 b5 22. Rc1 Bf8 23. Ng3 Rc8 24. Nf1 a5 25. g5 a4 26. Nd2 Ba3 27.
Rc2 Nd6 28. Rxc8+ Nxc8 29. Bg3 Bb2 30. Kf2 b4 31. Nc4 b3 32. axb3 Bd4+ 33. Ke2
Nd6 34. Na3 Bb2 35. bxa4 Bxa3 36. Bxe5 Nxe4 37. a5 Bc5 38. Kd3 Nd6 39. Bd4 Bxd4
40. Kxd4 Kf7 41. a6 Ke7 42. Kc5 Nc8 43. Kc6 Kd8 44. d6 Na7+ 45. Kb6 Nc8+ 46.
Kc6 1/2-1/2

[Event "Hastings Masters 2022/23"]
[Site "Hastings"]
[Date "2023.01.04"]
[Round "8.33"]
[White "Chan, Sheng Liang Bernard"]
[Black "Miller, George"]
[Result "1/2-1/2"]
[WhiteElo "1986"]
[BlackElo "1808"]
[PlyCount "105"]
[EventDate "2022.12.28"]
[EventType "swiss"]
[EventRounds "10"]
[EventCountry "ENG"]

1. d4 d5 2. c4 c6 3. Nf3 Nf6 4. e3 e6 5. b3 Ne4 6. Bb2 Nd7 7. Bd3 Bb4+ 8. Nbd2
f5 9. Qc2 Qf6 10. a3 Bd6 11. b4 O-O 12. h3 Nxd2 13. Qxd2 e5 14. dxe5 Nxe5 15.
Nxe5 Bxe5 16. Bxe5 Qxe5 17. O-O dxc4 18. Bxc4+ Be6 19. Qa2 Bxc4 20. Qxc4+ Kh8
21. a4 f4 22. exf4 Rxf4 23. Qc5 Qxc5 24. bxc5 Rc4 25. Rfc1 Rxc1+ 26. Rxc1 Kg8
27. Rd1 b5 28. a5 b4 29. Rd7 Rb8 30. Rd2 b3 31. Rb2 Kf7 32. Kf1 Ke6 33. Ke1 Kd5
34. Kd2 Kxc5 35. Kc3 Rb5 36. f4 Rxa5 37. Rxb3 Rb5 38. Ra3 a5 39. g4 Kd5 40. f5
Ke5 41. Kc4 h5 42. Re3+ Kf4 43. Re6 hxg4 44. hxg4 Kxg4 45. Rg6+ Kxf5 46. Rxg7
Ke4 47. Re7+ Re5 48. Rc7 a4 49. Rxc6 Ra5 50. Kb4 Ra8 51. Rc3 a3 52. Rxa3 Rxa3
53. Kxa3 1/2-1/2

[Event "Hastings Masters 2022/23"]
[Site "Hastings"]
[Date "2023.01.04"]
[Round "8.34"]
[White "Hng, Mei-En Emmanuelle"]
[Black "Li, Ethan"]
[Result "1-0"]
[WhiteElo "2057"]
[BlackElo "1889"]
[PlyCount "69"]
[EventDate "2022.12.28"]
[EventType "swiss"]
[EventRounds "10"]
[EventCountry "ENG"]

1. e4 c5 2. d4 cxd4 3. c3 dxc3 4. Nxc3 d6 5. Bc4 Nc6 6. Nf3 a6 7. O-O Nf6 8.
Bf4 Bg4 9. h3 Bh5 10. g4 Bg6 11. Qe2 e6 12. Rfd1 Qb8 13. Bg3 Be7 14. e5 dxe5
15. Nxe5 Qa7 16. h4 Nxe5 17. Bxe5 h6 18. h5 Bh7 19. Bb5+ Kf8 20. Bc4 b5 21. Bb3
Bc5 22. Rd2 b4 23. Na4 Ne4 24. Nxc5 Qxc5 25. Bd4 Qa5 26. Rdd1 Rd8 27. f3 e5 28.
Be3 Nd6 29. Rd5 Nb5 30. Bc5+ Kg8 31. Qxe5 Bd3 32. Rxd3 Rxd3 33. Qe8+ Kh7 34.
Qe4+ g6 35. hxg6+ 1-0

[Event "Hastings Masters 2022/23"]
[Site "Hastings"]
[Date "2023.01.04"]
[Round "8.35"]
[White "Jakhria, Kushal"]
[Black "Salmons, Calum"]
[Result "0-1"]
[WhiteElo "1726"]
[BlackElo "1989"]
[PlyCount "136"]
[EventDate "2022.12.28"]
[EventType "swiss"]
[EventRounds "10"]
[EventCountry "ENG"]

1. d4 d5 2. c4 c6 3. Nc3 Nf6 4. e3 e6 5. Nf3 Nbd7 6. Be2 Bd6 7. O-O O-O 8. b3
Ne4 9. Qc2 f5 10. Bb2 Qf6 11. g3 b6 12. Rac1 Bb7 13. Rfd1 g5 14. Bf1 Nxc3 15.
Bxc3 f4 16. exf4 gxf4 17. Bg2 Ba3 18. Rb1 Qg6 19. Qxg6+ hxg6 20. cxd5 fxg3 21.
dxe6 gxf2+ 22. Kh1 Nf6 23. Ne5 Nd5 24. Bd2 Bd6 25. Nd7 Rf5 26. Rf1 Ba6 27. Be4
Be2 28. Kg2 Bxf1+ 29. Rxf1 Rh5 30. h3 Rh4 31. Bxg6 Kg7 32. Bg5 Rxd4 33. Bf7 Bf4
34. Bxf4 Rxf4 35. Rxf2 Rxf2+ 36. Kxf2 Nc3 37. Ne5 Ne4+ 38. Ke3 Ng5 39. h4 Nxe6
40. h5 Kf6 41. Bxe6 Kxe5 42. Bg4 Rg8 43. Bf3 c5 44. Be2 Rg3+ 45. Kd2 Kd4 46.
Bf1 Rg1 47. Be2 Ra1 48. a4 Ra2+ 49. Kd1 Ke3 50. Bc4 Rh2 51. Bf7 Kd3 52. Kc1 Kc3
53. Kb1 Rf2 54. Be6 Rf6 55. Bg8 Rh6 56. Bf7 Rf6 57. Bg8 Rf1+ 58. Ka2 Rh1 59.
Bf7 a6 60. Bc4 Rxh5 61. Bxa6 Kb4 62. Bc4 Rh2+ 63. Kb1 Kc3 64. Ka1 Rb2 65. Bf7
Rxb3 66. Ka2 c4 67. Be8 Kb4 68. Bb5 Ra3+ 0-1

[Event "Hastings Masters 2022/23"]
[Site "Hastings"]
[Date "2023.01.04"]
[Round "8.36"]
[White "Faulks, Nick"]
[Black "Norinkeviciute, Rasa"]
[Result "1-0"]
[WhiteElo "1802"]
[BlackElo "1969"]
[PlyCount "61"]
[EventDate "2022.12.28"]
[EventType "swiss"]
[EventRounds "10"]
[EventCountry "ENG"]

1. e4 c5 2. Nf3 d6 3. d4 cxd4 4. Nxd4 Nf6 5. Nc3 a6 6. Bg5 e6 7. f4 Qb6 8. Qd2
Nbd7 9. Bc4 Nc5 10. Bxf6 gxf6 11. a3 Qxb2 12. O-O Qb6 13. Qf2 Be7 14. f5 Qa5
15. Qg3 Bd7 16. fxe6 fxe6 17. Rae1 O-O-O 18. Qe3 Rdg8 19. Rb1 Rg5 20. h4 Rg7
21. Kh1 Rhg8 22. Nxe6 Rg3 23. Rf3 Rxf3 24. gxf3 Re8 25. Ng7 Rd8 26. Bd5 Qxa3
27. Bxb7+ Nxb7 28. Qb6 Rg8 29. Qxb7+ Kd8 30. Qb6+ Kc8 31. Qb8# 1-0

[Event "Hastings Masters 2022/23"]
[Site "Hastings"]
[Date "2023.01.04"]
[Round "8.37"]
[White "Jukes, Sam"]
[Black "Kumar, Soham"]
[Result "1-0"]
[WhiteElo "1928"]
[BlackElo "1844"]
[PlyCount "119"]
[EventDate "2022.12.28"]
[EventType "swiss"]
[EventRounds "10"]
[EventCountry "ENG"]

1. e4 c5 2. Nf3 g6 3. d4 cxd4 4. Qxd4 Nf6 5. e5 Nc6 6. Qa4 Nd5 7. Qb3 Nc7 8.
Nc3 Bg7 9. Bf4 O-O 10. O-O-O Ne6 11. Be3 Nxe5 12. Nxe5 Bxe5 13. Nd5 d6 14. Bh6
Re8 15. h4 Nd4 16. Qc4 b5 17. Qc7 Bf5 18. Bd3 Bxd3 19. Rxd3 Nf5 20. Bg5 f6 21.
Bd2 e6 22. Qxd8 Raxd8 23. Nc7 Re7 24. Ba5 Rc8 25. Nxb5 Rc5 26. a4 a6 27. b4 Rc6
28. Na3 Nd4 29. g3 f5 30. f4 Bf6 31. Bd8 e5 32. Bxe7 Bxe7 33. Re1 Bf6 34. Red1
Ne2+ 35. Kd2 Nd4 36. b5 Rb6 37. a5 Rb8 38. b6 e4 39. Re3 Nc6 40. Ke2 Bd4 41.
Nc4 d5 42. Ne5 Bxe5 43. fxe5 d4 44. Ra3 Kf7 45. Ra4 Ke6 46. Rdxd4 Nxe5 47. Rdc4
Rb7 48. Rc8 Kd6 49. Rd4+ Ke6 50. Rc7 Rb8 51. b7 h6 52. Rb4 g5 53. Rc8 Nd7 54.
Rxb8 Nxb8 55. Rb6+ Kd7 56. Rxh6 Kc7 57. hxg5 Kxb7 58. Rb6+ Ka7 59. Rxb8 Kxb8
60. g6 1-0

[Event "Hastings Masters 2022/23"]
[Site "Hastings"]
[Date "2023.01.04"]
[Round "8.38"]
[White "Flynn, David"]
[Black "Kelly, Paul J"]
[Result "0-1"]
[WhiteElo "1872"]
[BlackElo "1842"]
[PlyCount "76"]
[EventDate "2022.12.28"]
[EventType "swiss"]
[EventRounds "10"]
[EventCountry "ENG"]

1. e4 e5 2. Nf3 Nc6 3. d4 exd4 4. Nxd4 Bc5 5. Nb3 Bb4+ 6. c3 Be7 7. g3 Nf6 8.
Bg2 d6 9. h3 O-O 10. Nd4 Bd7 11. f4 Qc8 12. Be3 Re8 13. Nd2 Bd8 14. Qf3 a5 15.
g4 g6 16. Ne2 a4 17. Ng3 Kg7 18. Bf1 a3 19. b3 Ng8 20. Be2 Bh4 21. O-O-O Bxg3
22. Qxg3 Nf6 23. Bf3 Qd8 24. g5 Ng8 25. h4 Qe7 26. h5 d5 27. hxg6 hxg6 28. Rde1
d4 29. Bf2 dxc3 30. Nc4 Be6 31. Ne3 Bxb3 32. Nd5 Bxd5 33. exd5 Qb4 34. Kc2 Qb2+
35. Kd3 Qd2+ 36. Kc4 Ra4+ 37. Kc5 Rea8 38. Rb1 c2 0-1

[Event "Hastings Masters 2022/23"]
[Site "Hastings"]
[Date "2023.01.04"]
[Round "8.39"]
[White "Shepley, Julien M"]
[Black "Howell, Oliver W"]
[Result "1-0"]
[WhiteElo "1848"]
[BlackElo "1804"]
[PlyCount "51"]
[EventDate "2022.12.28"]
[EventType "swiss"]
[EventRounds "10"]
[EventCountry "ENG"]

1. e4 e6 2. d4 d5 3. e5 c5 4. c3 Nc6 5. Nf3 Bd7 6. Be2 Nge7 7. O-O Qb6 8. Re1
cxd4 9. cxd4 Nf5 10. Nc3 Ncxd4 11. Nxd4 Qxd4 12. Bd3 Bc5 13. Qe2 Ne7 14. a3 Rc8
15. Bg5 h6 16. Nb5 Bxb5 17. Bxb5+ Kf8 18. Be3 Qh4 19. g3 Qe4 20. Bd3 Qa4 21.
Bxc5 Rxc5 22. b4 Rc3 23. Bb5 Qb3 24. Reb1 Rc2 25. Rxb3 Rxe2 26. Bxe2 1-0

[Event "Hastings Masters 2022/23"]
[Site "Hastings"]
[Date "2023.01.04"]
[Round "8.40"]
[White "Jerome, Stellio"]
[Black "Dhanuka Aman"]
[Result "1-0"]
[WhiteElo "1501"]
[BlackElo "1194"]
[PlyCount "94"]
[EventDate "2022.12.28"]
[EventType "swiss"]
[EventRounds "10"]
[EventCountry "ENG"]

1. g4 e5 2. Bg2 d5 3. h3 c6 4. d4 e4 5. c4 Bb4+ 6. Bd2 Bxd2+ 7. Qxd2 h6 8. Nc3
Be6 9. cxd5 cxd5 10. e3 Ne7 11. Nge2 O-O 12. Nf4 Nbc6 13. O-O Ng6 14. f3 Nxf4
15. exf4 exf3 16. Bxf3 f6 17. f5 Bf7 18. Rad1 Qd7 19. Qf4 Rad8 20. Rfe1 Qd6 21.
Qxd6 Rxd6 22. Kf2 Rd7 23. Ne2 Re8 24. Nf4 Rxe1 25. Kxe1 Kf8 26. Kf2 Rd6 27. a3
a6 28. Ke3 Na5 29. Rc1 Rc6 30. Rxc6 bxc6 31. Be2 Nc4+ 32. Bxc4 dxc4 33. Kd2 Ke7
34. Kc3 Kd6 35. Kb4 Kc7 36. Kc5 a5 37. h4 Bg8 38. h5 Bf7 39. Ne6+ Bxe6 40. fxe6
a4 41. e7 Kd7 42. e8=Q+ Kxe8 43. Kxc6 Kd8 44. Kc5 Kd7 45. Kxc4 Kd6 46. d5 g5
47. hxg6 Kd7 1-0

[Event "Hastings Masters 2022/23"]
[Site "Hastings"]
[Date "2023.01.04"]
[Round "8.41"]
[White "Bryant, Harry"]
[Black "Byrn, Carsten"]
[Result "0-1"]
[WhiteElo "1510"]
[BlackElo "1875"]
[PlyCount "120"]
[EventDate "2022.12.28"]
[EventType "swiss"]
[EventRounds "10"]
[EventCountry "ENG"]

1. d4 Nf6 2. c4 c5 3. d5 b5 4. cxb5 a6 5. bxa6 g6 6. Nc3 Bg7 7. e4 O-O 8. e5
Ne8 9. Nf3 d6 10. Be2 dxe5 11. O-O Bxa6 12. Be3 Bxe2 13. Qxe2 Na6 14. Qc4 Nd6
15. Qe2 h6 16. Nd2 f5 17. Nc4 f4 18. Bd2 f3 19. gxf3 Nf5 20. f4 Nd4 21. Qe4
exf4 22. Qxg6 Rf6 23. Qg4 Kh7 24. Ne5 Qd6 25. Rae1 Raf8 26. f3 Rf5 27. Nc4 Qd8
28. Kh1 Nb4 29. Re4 Nxd5 30. h4 Nf6 31. Rxd4 Qc8 32. Nb6 Nxg4 33. Nxc8 cxd4 34.
Nxe7 Rh5 35. Ncd5 Rxh4+ 36. Kg2 Rh2+ 37. Kg1 Rxd2 38. fxg4 Rxb2 39. Nf5 Rxa2
40. Nxf4 Be5 41. Nh5 d3 42. Rd1 d2 43. Kf1 Bc3 44. Nhg3 Ba5 45. Ne4 h5 46. Ke2
hxg4 47. Ne3 Rf4 48. Ng5+ Kh6 49. Ne6 Re4 50. Nc5 Re7 51. Kd3 Rxe3+ 52. Kxe3
Bb6 53. Kf4 Bxc5 54. Kxg4 Be3 55. Kf3 Bg5 56. Rb1 Rc2 57. Rb6+ Kg7 58. Rd6 Rc1
59. Ke2 Re1+ 60. Kf2 d1=Q 0-1

[Event "Hastings Masters 2022/23"]
[Site "Hastings"]
[Date "2023.01.04"]
[Round "8.42"]
[White "Coward, Neil"]
[Black "Butt, Laurence"]
[Result "0-1"]
[WhiteElo "1697"]
[BlackElo "1740"]
[PlyCount "96"]
[EventDate "2022.12.28"]
[EventType "swiss"]
[EventRounds "10"]
[EventCountry "ENG"]

1. e4 Nc6 2. Nf3 f5 3. exf5 Nf6 4. Bc4 d5 5. Bb3 Bxf5 6. O-O e5 7. d3 Bd6 8. h3
Qd7 9. Nh2 O-O-O 10. Nc3 e4 11. dxe4 dxe4 12. Be3 Bxh3 13. Ba4 Qf5 14. Qe2 Qg6
15. f3 Qg3 16. f4 Bxg2 17. Qxg2 Qxe3+ 18. Kh1 Kb8 19. Bxc6 bxc6 20. Rae1 Qd4
21. Nxe4 Nxe4 22. Rxe4 Qf6 23. Ra4 Bc5 24. Rc4 Rd5 25. b4 Bb6 26. a4 Rd6 27. a5
Be3 28. a6 Rhd8 29. b5 Rd2 30. Qg3 Bb6 31. Rxc6 Qb2 32. c4 R2d3 33. Qh4 Qe2 34.
f5 Rd1 35. Qf4 Rxf1+ 36. Nxf1 Rd1 37. Rxb6+ axb6 38. Kg1 Rd6 39. Ng3 Qd1+ 40.
Nf1 Qd4+ 41. Qxd4 Rxd4 42. Ne3 h5 43. Nd5 Rxc4 44. f6 gxf6 45. Nxf6 Rb4 46.
Nxh5 Rxb5 47. Nf6 Ka7 48. Ne8 Rc5 0-1

[Event "Hastings Masters 2022/23"]
[Site "Hastings"]
[Date "2023.01.05"]
[Round "9.1"]
[White "Korneev, Oleg"]
[Black "Korpa, Bence"]
[Result "1/2-1/2"]
[WhiteElo "2481"]
[BlackElo "2516"]
[PlyCount "51"]
[EventDate "2022.12.28"]
[EventType "swiss"]
[EventRounds "10"]
[EventCountry "ENG"]

1. e4 c6 2. d4 d5 3. e5 Bf5 4. h4 h5 5. Bd3 Bxd3 6. Qxd3 e6 7. Bg5 Qb6 8. Nd2
Ne7 9. Ne2 Nf5 10. O-O Nd7 11. Nf3 c5 12. c3 Qa6 13. Qd2 Nb6 14. Ng3 Nc4 15.
Qe2 Nxg3 16. fxg3 Rc8 17. Kh2 Rc7 18. Qf2 cxd4 19. cxd4 Na5 20. a3 Qd3 21. Rac1
Rxc1 22. Rxc1 Nc6 23. Rc3 Qb5 24. b4 a6 25. Qc2 Qb6 26. Qd2 1/2-1/2

[Event "Hastings Masters 2022/23"]
[Site "Hastings"]
[Date "2023.01.05"]
[Round "9.2"]
[White "Sulskis, Sarunas"]
[Black "Hebden, Mark L"]
[Result "1/2-1/2"]
[WhiteElo "2492"]
[BlackElo "2448"]
[PlyCount "133"]
[EventDate "2022.12.28"]
[EventType "swiss"]
[EventRounds "10"]
[EventCountry "ENG"]

1. e4 e5 2. Nf3 Nc6 3. Bb5 a6 4. Ba4 Nf6 5. O-O Be7 6. Re1 b5 7. Bb3 O-O 8. c3
d5 9. exd5 Nxd5 10. d3 Qd6 11. Nbd2 Bb7 12. Ne4 Qd7 13. Ng3 Rad8 14. Nxe5 Nxe5
15. Rxe5 c5 16. Bg5 Bxg5 17. Rxg5 f6 18. Rf5 g6 19. Bxd5+ Bxd5 20. Rf4 f5 21.
h4 h6 22. c4 Bxc4 23. Qc1 Bxd3 24. Qxc5 Qd6 25. Qxd6 Rxd6 26. Rd1 Rfd8 27. Rf3
h5 28. b3 Rd4 29. Rd2 Bb1 30. Rxd4 Rxd4 31. Ne2 Rxh4 32. a3 b4 33. axb4 Rxb4
34. Rc3 Kg7 35. f3 f4 36. Kh2 Bf5 37. Rc6 Bd3 38. Nc1 Bb5 39. Rd6 Kf7 40. Nd3
Bxd3 41. Rxd3 Ke6 42. Kh3 g5 43. g3 a5 44. gxf4 Rxf4 45. Kg2 Rb4 46. Kg3 Ke5
47. Kf2 Kf4 48. Rc3 h4 49. Rc8 Rb5 50. Rc4+ Ke5 51. Rg4 Kf6 52. Ra4 Ke6 53. Rg4
Kd6 54. Kg2 Kc6 55. f4 gxf4 56. Rxf4 Rxb3 57. Rxh4 Kb5 58. Kf2 a4 59. Rh5+ Kb6
60. Ke2 a3 61. Rh1 Kb5 62. Kd2 Ka4 63. Rh4+ Rb4 64. Rxb4+ Kxb4 65. Kc2 a2 66.
Kb2 a1=R 67. Kxa1 1/2-1/2

[Event "Hastings Masters 2022/23"]
[Site "Hastings"]
[Date "2023.01.05"]
[Round "9.3"]
[White "Clarke, Brandon G I"]
[Black "Petrov, Martin"]
[Result "1/2-1/2"]
[WhiteElo "2484"]
[BlackElo "2535"]
[PlyCount "49"]
[EventDate "2022.12.28"]
[EventType "swiss"]
[EventRounds "10"]
[EventCountry "ENG"]

1. e4 c5 2. Nf3 Nc6 3. d4 cxd4 4. Nxd4 Nf6 5. Nc3 e5 6. Ndb5 d6 7. Bg5 a6 8.
Na3 b5 9. Nd5 Be7 10. Bxf6 Bxf6 11. c3 Rb8 12. Nc2 Bg5 13. Be2 O-O 14. O-O Be6
15. Qd3 g6 16. Rfd1 Kg7 17. Ncb4 Nxb4 18. Nxb4 Rb6 19. Nd5 Rb7 20. Nb4 Rb6 21.
Nd5 Rb7 22. Nb4 a5 23. Nd5 f5 24. Bf3 Rbf7 25. exf5 1/2-1/2